Herr der Ringe - Auenland Quiz - Statistiken

Allgemein
  • Dieses Quiz wurde 78 mal gespielt
  • Das Durchschnittsergebnis liegt bei 5 aus 16
Antwortstatistiken
Hint Antwort % Korrekt
Wer bewohnt das Auenland? Hobbits
100%
Worin wohnen sie? in Hobbit-Höhlen
78%
Wie heißt Bilbos und Frodos Wohnort? Beutelsend
74%
Das wohl berühmteste Gasthaus im Auenland Der grüne Drache
43%
Im Buch übernimmt ... die Herrschaft über das Auenland Saruman
43%
Das Auenland besteht aus vier... Vierteln
38%
Die Einwohner werden von diesen Menschen vor Gefahren beschützt Dúnedain
30%
Dieser Wald bildet die Ostgrenze des Auenlandes Alter Wald
28%
Was aus diesem Königreich herausbrach Arnor
20%
Dieser Fluss verläuft durch das Auenland Brandywein
17%
Hauptstadt des Auenlandes Michelbinge
14%
Die Straße, an der der Wohnort liegt Beutelhaldenweg
12%
Baum, unter dem Bilbo seinen 111. Geburtstag feierte Der Festbaum
12%
Diese Stadt macht das beste Pfeifenkraut Langgrund
7%
Die Einwohner waren einst Untertanen des Königreiches Arthedain
4%
Diese Hügelkette bildet die Westgrenze Emyn Beraid
1%
Keine übereinstimmenden Quizze gefunden
Verteilung der Resultate
Anzahl Personen mit jedem Resultat
Perzentil nach korrekt beantworteten Fragen
Ihre Resultats-Entwicklung
Sie haben dieses Quiz noch nicht gespielt